| 000 | 00746nam a2200241Ia 4500 | ||
|---|---|---|---|
| 008 | 191130s2008##################000#0#eng## | ||
| 020 | _a9780071490726 | ||
| 022 | _a2007036681 | ||
| 040 |
_aACL _cACL |
||
| 082 | _a006.7 BUT | ||
| 100 | _aButow, Eric | ||
| 245 |
_aAmp your MySpace page : essential tools for giving your profile an extreme makeover _cEric Butow, Michael Bellomo |
||
| 260 |
_aNew York _bMcGraw Hill _cc2008 |
||
| 300 | _axii, 292 p. : ill. ; 23 cm | ||
| 500 | _aIncludes index | ||
| 650 | _aMySpace.com | ||
| 650 | _aSocial networks - Computer network resources | ||
| 650 | _aWeb sites - Design | ||
| 700 | _aBellomo, Michael | ||
| 990 | _adb3d4837ac10000c1f6a708c134c5115 | ||
| 991 | _a119409 | ||
| 999 |
_c367911 _d367911 |
||